|
|
|
|
| LEADER |
01042nam a2200265 u 4500 |
| 001 |
10024017 |
| 003 |
upatras |
| 005 |
20210117205833.0 |
| 008 |
970314s1967 uk eng |
| 040 |
|
|
|a GR-PaULI
|c GR-PaULI
|
| 041 |
0 |
|
|a eng
|
| 082 |
0 |
4 |
|a 515.63
|
| 100 |
1 |
|
|a Lawden, Derek F.
|9 43523
|
| 245 |
1 |
0 |
|a An introduction to tensor calculus and relativity
|c Derek F. Lawden
|
| 260 |
|
|
|a London
|b Methuen & Co and Science Paperbacks
|c 1967
|
| 300 |
|
|
|a xii, 186 p.
|b fig.
|c 19 cm.
|
| 490 |
0 |
|
|a Methuen's monographs on physical subjects
|
| 504 |
|
|
|a Includes bibliography and index
|
| 650 |
|
4 |
|a Τανυστική ανάλυση
|9 28997
|
| 760 |
0 |
|
|a Methuen's monographs on physical subjects
|
| 852 |
|
|
|a GR-PaULI
|b ΠΑΤΡΑ
|b ΦΥΣΙΚΟ
|k ΑΕΧ-1
|h 515.63 LAW
|m 01181
|p 025000022883
|t 1
|
| 942 |
|
|
|2 ddc
|c BK15
|
| 952 |
|
|
|0 0
|1 0
|4 0
|6 515_630000000000000_LAW
|7 0
|9 192918
|a PHYS
|b PHYS
|d 2016-04-24
|i 01181
|l 0
|o 515.63 LAW
|p 025000022883
|r 2016-04-24 00:00:00
|t 1
|w 2016-04-24
|y BK15
|
| 998 |
|
|
|c ΔΡΑΚΟΠΟΥΛΟΥ
|d 2001-11
|
| 999 |
|
|
|c 118288
|d 118288
|